Ingeniería simplificada : (Record no. 18045)

000 -CABECERA
fixed length control field 00812nam a22002057a 4500
003 - IDENTIFICADOR DEL NÚMERO DE CONTROL
control field AR-CdUCM
008 - DATOS DE LONGITUD FIJA--INFORMACIÓN GENERAL
fixed length control field 190319b ||||| |||| 00| 0 spa d
040 ## - FUENTE DE LA CATALOGACIÓN
Agencia/entidad que catalogó originalmente la obra MUNICIPALIDAD PROVINCIAL DEL CUSCO
Entidad que transcribió la catalogación BIBLIOTECA MUNICIPAL DEL CUSCO
082 ## - NÚMERO DE LA CLASIFICACIÓN DECIMAL DEWEY
No. de Clasificación 620.8 /
Notacion interna P26
100 ## - ENTRADA PRINCIPAL--NOMBRE DE PERSONA
Nombre Personal Parker, Harry
245 ## - MENCIÓN DE TÍTULO
Título Ingeniería simplificada :
Resto del título Para arquitectos y constructores /
260 ## - PUBLICACIÓN, DISTRIBUCIÓN, ETC.
Lugar de publicación, distribución, etc. 1972 :
Nombre de la editorial, distribuidor, etc. Limusa S.A. ,
Fecha de publicación, distribución, etc. México.
300 ## - DESCRIPCIÓN FÍSICA
Nº de Páginas Extensión 363 páginas ;
Dimensiones 21 cm.
505 ## - NOTA DE CONTENIDO CON FORMATO
Nota de contenido formateada Contenido : Fuerzas y esfuerzos -- Momentos y reacciones -- Cortante y momento flexionante -- Vigas de acero -- Cimentaciones de emparrillado ...
650 ## - PUNTO DE ACCESO ADICIONAL DE MATERIA--TÉRMINO DE MATERIA
Descriptor Levantamientos Topograficos
9 (RLIN) 19752
650 ## - PUNTO DE ACCESO ADICIONAL DE MATERIA--TÉRMINO DE MATERIA
Descriptor Ingernieria de Campo
9 (RLIN) 19753
650 ## - PUNTO DE ACCESO ADICIONAL DE MATERIA--TÉRMINO DE MATERIA
Descriptor Ciencias de la Construccion
9 (RLIN) 19754
942 ## - ELEMENTOS DE PUNTO DE ACCESO ADICIONAL (KOHA)
Fuente de clasificación
Tipo de item Libros-BMC
945 ## - PROCESAMIENTO DE INFORMACIÓN LOCAL (OCLC)
Catalogador rum
AAAA-MM-DD - Fecha de ingreso o modificacion 2019-05-11
Holdings
Estado de retiro (separado) Fuente de clasificación o esquema de estanterías Estado dañado Ubicación Sala donde se ubica Nombre de la colección Fecha de adquisición o compra Costo, precio normal en soles Signatura topográfica Código de Barras Última vez visto (Koha) Tipo de ítem (Koha)
No     Sala Ciencias Sala Ciencias Book Cart 2019-05-11 30.00 620.8 / P26 SC0000001572 2019-05-11 Libros-BMC

Powered by Koha